000 00451nam a2200181Ia 4500
001 19870
005 20260306172724.0
008 260306t2019||||xx |||||||||||||| ||spa||
041 _aESP
082 _a341.2
_bT35D
100 _aTello Gilardi, Janet,
_eAUT
245 0 _aReglas de Brasilia :
_bpor una justicia sin barreras
260 _c2019
300 _a244 páginas :
_c24 cm.
650 _aGEN
654 _aCDE
942 _cLIB
_dJUS
_fJUS
_2ddc
_n
999 _c19870
_d19870